| 000 | 00610nam a22001937a 4500 | ||
|---|---|---|---|
| 005 | 20171221160801.0 | ||
| 010 | _aENG-121947 | ||
| 020 |
_a9789383982479 _c1000.00 |
||
| 035 | _aEN-105479 | ||
| 037 | _bDBAD/PUB | ||
| 082 | _a658.1 | ||
| 100 | _aRowley , Robin | ||
| 245 |
_aOrganizational Behaviour : _bOrganize with chaos / _cby Robin Rowley [and] Joseph Roevens |
||
| 260 |
_aDelhi _bDiamond Creation _c2017 |
||
| 270 |
_a21 north, Basti harphool singh Sadar Thana Road, _bDelhi _e110006 |
||
| 300 |
_a236p. _c22cm(Hb) |
||
| 700 | _aRoevens , Joseph | ||
| 942 |
_2ddc _cEN _h658.1 _mROW |
||
| 999 |
_c148175 _d148175 |
||